[Event "Bundesliga 1718"]
[Site "Germany"]
[Date "2018.02.24"]
[Round "9.6"]
[White "Handke, Florian"]
[Black "Bacrot, Etienne"]
[Result "1/2-1/2"]
[WhiteElo "2525"]
[BlackElo "2723"]
[PlyCount "87"]
[EventDate "2017.10.21"]
[EventType "team-tourn"]
[EventRounds "15"]
[EventCountry "GER"]
[SourceTitle "CBM 183"]
[Source "ChessBase"]
[SourceDate "2018.03.14"]
[SourceVersion "1"]
[SourceVersionDate "2018.03.14"]
[SourceQuality "1"]
[WhiteTeam "Aachen"]
[BlackTeam "Baden-Baden"]
[WhiteTeamCountry "GER"]
[BlackTeamCountry "GER"]

1. e4 e5 2. Nf3 Nc6 3. Bb5 Nf6 4. 0-0 Nxe4 5. Re1 Nd6 6. Nxe5 Be7 7. Bf1 Nxe5 8. Rxe5 0-0 9. Nc3 Ne8 10. Nd5 Bd6 11. Re1 c6 12. Ne3 Be7 13. c4 Nc7 14. d4 d5 15. cxd5 Bb4 16. Bd2 Bxd2 17. Qxd2 Nxd5 18. Nxd5 Qxd5 19. Re5 Qd6 20. Bc4 Bd7 21. Rae1 b5 22. Bb3 a5 23. a3 a4 24. Ba2 Rae8 25. Qc3 g6 26. h4 Rxe5 27. Rxe5 Re8 28. Qf3 Re7 29. h5 Be8 30. Rxe7 Qxe7 31. h6 Qd6 32. Qe3 Kf8 33. g3 f6 34. Bg8 Qd8 35. Qe6 Qxd4 36. Bxh7 Bf7 37. Qc8+ Ke7 38. Qc7+ Qd7 39. Qf4 Qd1+ 40. Kh2 Qh5+ 41. Kg2 Qe5 42. Qb4+ Kd7 43. Qd2+ Ke7 44. Qb4+ 1/2-1/2